| 000 | 00643nam a22001457a 4500 | ||
|---|---|---|---|
| 003 | OSt | ||
| 005 | 20150925154728.0 | ||
| 008 | 150925b xxu||||| |||| 00| 0 eng d | ||
| 040 | _cRUA | ||
| 082 | _aAGR SOY 2013 BO55 Or.1 | ||
| 100 |
_91347 _aSOY, CHANSITH. |
||
| 245 | _aComparison of biocin- F fertilizer rates on pakchoy at the royal university of agriculture ប្រៀបធៀបកម្រិតជីបាយអូស់ិុនអរហ្វ លើដំណាំស្ពៃតឿ នៅសាកលវិទ្យាល័យភូមិន្ធកសិកម្ម . | ||
| 300 |
_aviii,43p. _bill. _c29cm. |
||
| 942 |
_2ddc _cAGR |
||
| 999 |
_c1267 _d1267 |
||